Prehistoria de américa /

Guardado en:
Autor Principal: Canals Frau, Salvador
Formato: Libro
Publicado: Buenos Aires : Sudamericana, 1973
Edición:3
Materias:
Etiquetas: Agregar Etiqueta
Sin Etiquetas, Sea el primero en etiquetar este registro!
LEADER 00510nam a22001815a 4500
001 CEM.cems001384
005 20060214000000.0
008 130507s1973##################000#0#####d
003 CEMS
082 0 4 |a 980.01 
100 1 |a Canals Frau, Salvador 
245 1 0 |a Prehistoria de américa /  |c Salvador Canals Frau 
250 |a 3 
260 |a Buenos Aires :  |b Sudamericana,  |c 1973 
300 |a 604 p. 
653 |a Historia 
653 |a Prehistoria de america 
859 |a CEMS  |b BIB. CEMS - 11 de abril  |h 980.01  |i C16a3  |p 3128.74  |t Ej.1